Can you name a Taylor Swift song for each letter of the alphabet? - Statistics

General Stats
  • This quiz has been taken 638 times
    209 since last reset
  • The average score is 21 of 24
Answer Stats
Letter Songs % Correct
A Actually Romantic | Afterglow | The Albatross | The Alchemy | The Alcott | All Of The Girls You Loved Before | All Too Well (10 Minute Version) | All Too Well | All You Had To Do Was Stay | Anti-Hero | A Perfectly Good Heart | A Place In This World | The Archer | august
98%
B Babe | Back To December | Bad Blood (feat. Kendrick Lamar) | Bad Blood | Beautiful Eyes | Beautiful Ghosts | Begin Again | Bejeweled | The Best Day | Better Man | Better Than Revenge | betty | Bigger Than The Whole Sky | Birch | The Black Dog | Blank Space | The Bolter | Both Of Us | Breathe | But Daddy I Love Him | Bye Bye Baby
97%
C Call It What You Want | CANCELLED! | cardigan | Carolina | Cassandra | Castles Crumbling | champagne problems | Change | Chloe or Sam or Sophia or Marcus | Christmas Tree Farm | Clara Bow | Clean | closure | Cold As You | Come Back...Be Here | Come In With The Rain | coney island | Cornelia Street | cowboy like me | Crazier | Cruel Summer
97%
F False God | The Fate of Ophelia | Father Figure | Fearless | Fifteen | Florida!!! | Foolish One | Forever & Always (Piano Version) | Forever & Always | Forever Winter | Fortnight | Fresh Out the Slammer
97%
L Labyrinth | the lakes | the last great american dynasty | Last Kiss | The Last Time | Lavender Haze | The Life of a Showgirl | loml | London Boy | Long Live | long story short | Look What You Made Me Do | Lover | Love Story | The Lucky One
97%
T Teardrops On My Guitar | Tell Me Why | thanK you aIMee | That's When | the 1 | The Albatross | The Alchemy | The Alcott | The Archer | The Best Day | The Black Dog | The Bolter | The Fate of Ophelia | The Great War | The Joker And The Queen | the lakes | the last great american dynasty | The Last Time | The Life of a Showgirl | The Lucky One | The Man | The Manuscript | The Moment I Knew | The Other Side Of The Door | The Outside | The Prophecy | The Smallest Man Who Ever Lived | The Story Of Us | The Tortured Poets Department | The Very First Night | The Way I Loved You | this is me trying | This Is Why We Can't Have Nice Things | This Love | Tied Together With A Smile | Timeless | Tim McGraw | 'tis the damn season | Today Was A Fairytale | tolerate it | Treacherous | Two Is Better Than One
97%
S Sad Beautiful Tragic | Safe & Sound | Say Don't Go | seven | Shake It Off | Should've Said No | "Slut!" | The Smallest Man Who Ever Lived | Snow On The Beach | Snow On The Beach (feat. More Lana Del Rey) | So High School | So It Goes... | So Long, London | Soon You'll Get Better | Sparks Fly | Speak Now | Starlight | State Of Grace | Stay Beautiful | Stay Stay Stay | The Story Of Us | Style | Suburban Legends | Superman | Superstar | Sweeter Than Fiction | Sweet Nothing
96%
E Eldest Daughter | Electric Touch | Elizabeth Taylor | Enchanted | End Game | epiphany | evermore | Everything Has Changed | exile | Eyes Open
94%
M Macavity | mad woman | The Man | The Manuscript | marjorie | Maroon | Mary's Song (Oh My My My) | Mastermind | Mean | ME! | Message In A Bottle | Midnight Rain | Mine | mirrorball | Miss Americana & The Heartbreak Prince | The Moment I Knew | Mr. Perfectly Fine | My Boy Only Breaks His Favorite Toys | my tears ricochet
93%
D Dancing With Our Hands Tied | Daylight | Dear John | Dear Reader | Death By A Thousand Cuts | Delicate | Don't Blame Me | Don't You | dorothea | Down Bad | Dress
92%
W The Way I Loved You | We Are Never Ever Getting Back Together | Welcome To New York | We Were Happy | When Emma Falls In Love | White Horse | Who's Afraid of Little Old Me? | Wildest Dreams | willow | Wi$h Li$t | Wonderland | Wood | Would've Could've Should've
92%
I I Almost Do | I Bet You Think About Me | I Can Do It with a Broken Heart | I Can Fix Him (No Really I Can) | I Can See You | I Did Something Bad | I Don't Wanna Live Forever | I Forgot That You Existed | If This Was A Movie | I Hate It Here | I Heart ? | I Knew You Were Trouble | I Know Places | illicit affairs | I Look In People's Windows | imgonnagetyouback | I'm Only Me When I'm With You | Innocent | Invisible | invisible string | Is It Over Now? | I Think He Knows | It's Nice To Have A Friend | it's time to go | ivy | I Wish You Would
90%
O Only The Young | Opalite | The Other Side Of The Door | Our Song | Ours | Out Of The Woods | The Outside
88%
R ...Ready For it? | Red | Renegade | right where you left me | Robin | Ronan | Ruin The Friendship | Run
88%
Y You All Over Me | You Are In Love | You Belong With Me | You Need To Calm Down | You're Losing Me | You're Not Sorry | You're On Your Own, Kid
86%
G Gasoline | Getaway Car | Girl At Home | Glitch | gold rush | Gorgeous | The Great War | Guilty as Sin?
84%
P Paper Rings | Paris | peace | A Perfectly Good Heart | Peter | Picture To Burn | A Place In This World | The Prophecy
84%
H happiness | Haunted | Hey Stephen | High Infidelity | Highway Don't Care | Hits Different | hoax | Holy Ground | Honey | How Did It End? | How You Get The Girl
83%
N Never Grow Up | New Romantics | New Year's Day | no body, no crime | Nothing New | Now That We Don't Talk
81%
K Karma | Karma (feat, Ice Spice) | King Of My Heart
80%
Q Question...?
70%
J The Joker And The Queen | Jump Then Fall
69%
V The Very First Night | Vigilante Shit
66%
U Untouchable | us.
61%
No matching quizzes found
Score Distribution
Percent of People with Each Score
Percentile by Number Answered
Your Score History
You have not taken this quiz since the last reset